| 000 | 01056nam a2200325 i 4500 | ||
|---|---|---|---|
| 001 | 000025485 | ||
| 003 | DO-SdBNP | ||
| 005 | 20260512101352.0 | ||
| 007 | ta | ||
| 008 | 110217s2000 dr 000 0 spa d | ||
| 020 | _a9993429007 | ||
| 040 |
_aDO-SdBNP _bspa _cBNPHU _erda |
||
| 041 | _aspa | ||
| 082 | 4 |
_a070.44 _bC697e 2000 _222 |
|
| 100 | 1 |
_aCollado, Lipe, _d1947- _eautor _979819 _4aut. |
|
| 245 | 1 | 3 |
_aLa entrevista en 10 lecciones / _cLipe Collado ; prólogo, Ramón Puello Báez. |
| 250 | _aSegunda edición | ||
| 264 |
_aSanto Domingo : _bEditora Collado, _c2000. |
||
| 300 |
_avii, 177 páginas ; _c21 cm. |
||
| 336 |
_atexto _btxt _2rdacontent |
||
| 337 |
_asin mediación _bn _2rdamedia |
||
| 338 |
_avolumen _bnc _2rdacarrier |
||
| 504 | _aBibliografía: páginas 179-180. | ||
| 590 | _aInventariado,2018/DG | ||
| 650 | 0 |
_aEntrevistas (Periodismo) _911043 |
|
| 650 | 4 |
_aEntrevistas _xEnseñanza _952127 |
|
| 700 | 1 |
_aPuello Báez, Ramón, _eprologuista _930223 _4pr. |
|
| 910 | _aValidado. Control de calidad EMS. | ||
| 942 |
_2ddc _cLBS1 |
||
| 999 |
_c24977 _d24977 |
||